| 000 | 00382 a2200157 4500 | ||
|---|---|---|---|
| 001 | 149812 | ||
| 040 | _cEscola São Tomás de Aquino | ||
| 100 | _aLADEIRA, Julieta de Godoy | ||
| 240 | 1 | 0 |
_aÀ sombra de um jatobá _lpor |
| 245 | 1 | 0 | _aÀ sombra de um jatobá |
| 300 | _a64 | ||
| 362 | 0 | _a1996 | |
| 440 | 1 | _aModerna | |
| 697 | _aFolclore / Adivinhações / Lendas | ||
| 942 | _cBK | ||
| 999 |
_c149812 _d149812 |
||